000
00303nam a22001457a 4500
003
SGT
020
_a
9788126564125
082
_a
658.15
_b
BUT
100
_a
BUTLER, KIRTI C.
245
_a
MULTINATIONAL FINANCE
250
_a
6TH
260
_b
WILLEY PUBLISHER
_c
2017
300
_a
558
942
_2
ddc
_c
BK
999
_c
15721
_d
15721